000 00457cam a2200169ua 4500
003 OSt
008 241101b |||||||| |||| 00| 0 eng d
020 _a81-7022-549-3
041 _aeng
082 _a621.47
_bPRA/BI
100 _aPradeep, Chaturvedi .
_96399
245 _aBio-energy resources: planning, production and utilization /
250 _a1 /
260 _aNew Delhi :
_bConcept Publishing Company ,
_c1995.
300 _a146 ; .
942 _cBK
999 _c7177
_d7177